Méga classement des plus grandes communes de France - Statistiques

Statistiques générales
  • Ce quiz a été pris 1 863 fois
  • Le résultat moyen est 199 sur 1000
Statistiques - réponses
Classement Nom de la commune % Correct
8 Lille
77%
627 Toul
77%
1 Toulouse
76%
6 Bordeaux
75%
2 Nice
75%
3 Nantes
74%
5 Strasbourg
74%
9 Rennes
71%
32 Brest
70%
4 Montpellier
70%
26 | 42 Saint-Denis
68%
18 Toulon
67%
47 Caen
65%
20 Grenoble
65%
39 Metz
65%
49 Nancy
65%
45 Rouen
65%
33 Tours
65%
21 Dijon
64%
15 Le Havre
64%
13 Reims
64%
16 Saint-Étienne
64%
958 Clermont
63%
30 Clermont-Ferrand
63%
23 Nîmes
63%
22 Angers
62%
36 Annecy
62%
83 Cannes
62%
59 Dunkerque
62%
41 Orléans
62%
35 Amiens
61%
134 La Roche-sur-Yon
61%
27 Le Mans
60%
75 Pau
60%
37 Perpignan
60%
98 Valence
60%
79 Calais
59%
80 La Rochelle
59%
34 Limoges
59%
96 Quimper
59%
62 Versailles
59%
28 Aix-en-Provence
58%
44 Mulhouse
58%
398 Biarritz
57%
204 Bourg-en-Bresse
57%
85 Colmar
57%
114 Lorient
57%
60 Poitiers
57%
170 Saint-Malo
57%
55 Avignon
56%
156 Bayonne
56%
52 Roubaix
56%
25 Villeurbanne
56%
40 Besançon
55%
108 Chambéry
55%
138 Vannes
54%
168 Carcassonne
53%
129 Évry
53%
301 Lens
53%
599 Paris 1e
53%
51 Tourcoing
53%
104 Troyes
53%
90 Ajaccio
52%
258 Auxerre
52%
78 Béziers
52%
38 Boulogne-Billancourt
52%
480 Paris 2e
52%
250 Paris 3e
52%
346 Paris 4e
52%
195 Paris 6e
52%
140 Arles
51%
206 Arras
51%
315 Lyon 1e
51%
299 Lyon 2e
51%
50 Lyon 3e
51%
239 Lyon 4e
51%
161 Lyon 5e
51%
63 Lyon 8e
51%
53 Nanterre
51%
136 Narbonne
51%
57 Paris 10e
51%
24 Paris 11e
51%
29 Paris 12e
51%
14 Paris 13e
51%
31 Paris 14e
51%
7 Paris 15e
51%
19 Paris 16e
51%
17 Paris 17e
51%
10 Paris 18e
51%
12 Paris 19e
51%
11 Paris 20e
51%
111 Paris 5e
51%
128 Paris 7e
51%
235 Paris 8e
51%
110 Paris 9e
51%
519 Saint-Lô
51%
150 Belfort
50%
171 Blois
50%
205 Gap
50%
145 Lyon 6e
50%
70 Lyon 7e
50%
149 Lyon 9e
50%
119 Marseille 10e
50%
396 Marseille 2e
50%
164 Marseille 3e
50%
193 Marseille 6e
50%
72 Marseille 8e
50%
84 Marseille 9e
50%
177 Saint-Brieuc
50%
87 Saint-Nazaire
50%
185 Bastia
49%
92 Bourges
49%
58 Créteil
49%
148 Laval
49%
116 Marseille 11e
49%
103 Marseille 12e
49%
56 Marseille 13e
49%
99 Marseille 14e
49%
74 Marseille 15e
49%
162 Marseille 4e
49%
167 Marseille 5e
49%
249 Marseille 7e
49%
112 Niort
49%
126 Beauvais
48%
175 Châlons-en-Champagne
48%
223 Chartres
48%
188 Châteauroux
48%
605 Marseille 16e
48%
186 Valenciennes
48%
199 Angoulême
47%
196 Boulogne-sur-Mer
47%
163 Charleville-Mézières
47%
153 Évreux
47%
107 Montauban
47%
955 Saint-Jean
47%
261 Agen
46%
151 Albi
46%
216 Melun
46%
406 Rodez
46%
121 Saint-Quentin
46%
209 Tarbes
46%
281 Épinal
45%
268 Mâcon
45%
296 Mont-de-Marsan
45%
46 Montreuil
45%
259 Nevers
45%
310 Périgueux
45%
65 Saint-Pierre
45%
699 Tulle
45%
82 Antibes
44%
369 Aurillac
44%
97 Cergy
44%
69 Fort-de-France
44%
189 Sète
44%
66 Aubervilliers
43%
380 Laon
43%
333 Menton
43%
366 Alençon
42%
143 Bobigny
42%
870 Mende
42%
105 Neuilly-sur-Seine
42%
48 Saint-Paul
42%
387 Vichy
42%
43 Argenteuil
41%
651 Bar-le-Duc
41%
165 Brive-la-Gaillarde
41%
113 Cayenne
41%
485 Dax
41%
118 Hyères
41%
210 Marseille 1er
41%
314 Orange
41%
446 Auch
40%
139 Fréjus
40%
89 Issy-les-Moulineaux
40%
532 Le Puy-en-Velay
40%
132 Meaux
40%
227 Montélimar
40%
509 Moulins
40%
220 Alès
39%
928 Arcachon
39%
518 Cahors
39%
131 Cholet
39%
431 Fontaine
39%
86 Mérignac
39%
298 Pontoise
39%
382 Saintes
39%
580 Sedan
39%
615 Digne-les-Bains
38%
180 Mantes-la-Jolie
38%
381 Montbéliard
38%
420 Orly
38%
106 Clichy
37%
214 Douai
37%
751 Guéret
37%
94 Vénissieux
37%
318 Vienne
37%
100 Villeneuve-d'Ascq
37%
202 Castres
36%
306 Dieppe
36%
727 Les Sables-d'Olonne
36%
102 Pessac
36%
553 Verdun
36%
666 Vesoul
36%
152 Vincennes
36%
101 Antony
35%
342 Bergerac
35%
109 Ivry-sur-Seine
35%
95 Levallois-Perret
35%
789 Lons
35%
256 Roanne
35%
159 Saint-Ouen
35%
453 Beaune
34%
192 Istres
34%
726 Lourdes
34%
154 Martigues
34%
234 Montluçon
34%
115 Sarcelles
34%
370 Sens
34%
350 Vierzon
34%
54 Vitry-sur-Seine
34%
172 Aubagne
33%
437 Chaumont
33%
71 Cherbourg-en-Cotentin
33%
212 Compiègne
33%
291 Dreux
33%
670 Fontainebleau
33%
144 Grasse
33%
173 Chalon-sur-Saône
32%
64 Colombes
32%
211 Draguignan
32%
88 Drancy
32%
392 Libourne
32%
160 Massy
32%
157 Montrouge
32%
117 Villejuif
32%
349 Agde
31%
311 Aix-les-Bains
31%
67 Aulnay-sous-Bois
31%
414 Dole
31%
439 Millau
31%
711 Montargis
31%
124 Pantin
31%
403 Rochefort
31%
73 Rueil-Malmaison
31%
215 Saint-Germain-en-Laye
31%
331 Soissons
31%
208 Thionville
31%
530 Albertville
30%
408 Blagnac
30%
68 Courbevoie
30%
244 Creil
30%
492 Fougères
30%
93 La Seyne-sur-Mer
30%
91 Noisy-le-Grand
30%
246 Saint-Raphaël
30%
341 Saumur
30%
419 Abbeville
29%
248 Annemasse
29%
819 Briançon
29%
271 Cambrai
29%
918 Dinan
29%
200 La Courneuve
29%
270 Palaiseau
29%
543 Royan
29%
253 Thonon-les-Bains
29%
236 Villefranche-sur-Saône
29%
968 Basse-Terre
28%
741 Bayeux
28%
539 Cognac
28%
255 Haguenau
28%
435 Oyonnax
28%
379 Rambouillet
28%
61 Asnières-sur-Seine
27%
137 Bondy
27%
207 Bron
27%
505 Lannion
27%
77 Le Tampon
27%
482 Lisieux
27%
176 Puteaux
27%
76 Champigny-sur-Marne
26%
522 Concarneau
26%
247 Le Port
26%
680 Morlaix
26%
286 Nogent-sur-Marne
26%
584 Pontarlier
26%
385 Saint-Dizier
26%
716 Saint-Jean-de-Luz
26%
146 Sevran
26%
166 Vaulx-en-Velin
26%
225 Anglet
25%
391 Béthune
25%
325 Carpentras
25%
401 Étampes
25%
455 Forbach
25%
574 Lons-le-Saunier
25%
263 Marignane
25%
304 Maubeuge
25%
779 Mayenne
25%
174 Meudon
25%
233 Poissy
25%
528 Riom
25%
316 Saint-Cloud
25%
179 Salon-de-Provence
25%
240 Bagnolet
24%
283 Châtellerault
24%
141 Clamart
24%
421 Épernay
24%
182 Gennevilliers
24%
610 Hendaye
24%
611 Lattes
24%
125 Maisons-Alfort
24%
308 Malakoff
24%
191 Noisy-le-Sec
24%
609 Pointe-à-Pitre
24%
853 Porto-Vecchio
24%
839 Quimperlé
24%
135 | 489 Saint-Louis
24%
81 Saint-Maur-des-Fossés
24%
702 Saint-Omer
24%
184 Alfortville
23%
127 Épinay-sur-Seine
23%
243 La Ciotat
23%
123 Le Blanc-Mesnil
23%
427 Les Lilas
23%
217 Rezé
23%
469 Sarreguemines
23%
520 Sélestat
23%
683 Senlis
23%
198 Talence
23%
335 Vanves
23%
344 Bègles
22%
687 Château-Thierry
22%
242 Échirolles
22%
661 La Flèche
22%
257 Neuilly-sur-Marne
22%
659 Pamiers
22%
278 Trappes
22%
155 Cagnes-sur-Mer
21%
130 Chelles
21%
147 Corbeil-Essonnes
21%
689 Issoire
21%
231 Joué-lès-Tours
21%
360 Kourou
21%
447 Le Creusot
21%
122 Les Abymes
21%
526 Lunéville
21%
383 Muret
21%
719 Pontivy
21%
865 Provins
21%
265 Romans-sur-Isère
21%
229 Saint-Benoît
21%
272 | 594 Sainte-Marie
21%
169 Saint-Herblain
21%
178 Saint-Priest
21%
142 Sartrouville
21%
413 Torcy
21%
851 Apt
20%
221 Bagneux
20%
334 Bois-Colombes
20%
224 Colomiers
20%
201 Le Cannet
20%
373 Le Kremlin-Bicêtre
20%
449 Manosque
20%
181 Rosny-sous-Bois
20%
434 Saint-Mandé
20%
158 Suresnes
20%
592 Vendôme
20%
260 Vitrolles
20%
828 Aubenas
19%
197 Caluire-et-Cuire
19%
932 Chantilly
19%
133 Fontenay-sous-Bois
19%
330 Grigny
19%
386 Lunel
19%
556 Marmande
19%
120 Saint-André
19%
498 Saint-Dié-des-Vosges
19%
190 Saint-Laurent-du-Maroni
19%
430 Villeneuve-sur-Lot
19%
237 Villepinte
19%
560 Vitré
19%
593 Annonay
18%
692 Berck
18%
340 Bourgoin-Jallieu
18%
351 Cavaillon
18%
232 Châtillon
18%
187 Choisy-le-Roi
18%
194 Garges-lès-Gonesse
18%
863 Gex
18%
355 Hénin-Beaumont
18%
854 La Hague
18%
617 Le Bourget
18%
293 L' Haÿ-les-Roses
18%
675 Pornic
18%
254 Saint-Chamond
18%
824 Sarrebourg
18%
856 Thiers
18%
457 Arcueil
17%
743 Autun
17%
300 Cachan
17%
295 Charenton-le-Pont
17%
289 Chatou
17%
305 Clichy-sous-Bois
17%
524 Fécamp
17%
769 Granville
17%
312 La Garenne-Colombes
17%
363 La Teste-de-Buch
17%
372 Le Grand-Quevilly
17%
282 Plaisir
17%
709 Sainte-Maxime
17%
893 Saint-Gaudens
17%
418 Sèvres
17%
245 Tremblay-en-France
17%
276 Villeneuve-Saint-Georges
17%
773 Amboise
16%
514 Carquefou
16%
922 Castelnaudary
16%
837 Châteaubriant
16%
780 Châteaudun
16%
251 Conflans-Sainte-Honorine
16%
362 Gonesse
16%
280 Houilles
16%
838 Issoudun
16%
432 Le Petit-Quevilly
16%
697 Le Raincy
16%
222 Marcq-en-Baroeul
16%
367 Romainville
16%
989 Saint-Claude
16%
517 Sceaux
16%
284 Schiltigheim
16%
219 Stains
16%
784 Vitry-le-François
16%
322 Yerres
16%
981 Argelès-sur-Mer
15%
388 Armentières
15%
491 Bourg-la-Reine
15%
515 Bressuire
15%
361 Brétigny-sur-Orge
15%
585 Brignoles
15%
712 Douarnenez
15%
588 Gentilly
15%
516 Givors
15%
183 Livry-Gargan
15%
652 Montbrison
15%
949 Orthez
15%
982 Parthenay
15%
228 Pontault-Combault
15%
323 Saint-Laurent-du-Var
15%
226 Saint-Martin-d'Hères
15%
688 Saint-Maurice
15%
641 Saint-Pierre-des-Corps
15%
358 Sucy-en-Brie
15%
407 Vernon
15%
623 Beaucaire
14%
704 Biscarrosse
14%
665 Coulommiers
14%
637 Fos-sur-Mer
14%
345 Fresnes
14%
218 Gagny
14%
473 Gif-sur-Yvette
14%
290 Goussainville
14%
535 Joinville-le-Pont
14%
640 Landerneau
14%
279 Les Mureaux
14%
287 Liévin
14%
506 Mantes-la-Ville
14%
273 Meyzieu
14%
354 Oullins
14%
917 Passy
14%
400 Sainte-Anne
14%
329 Saint-Étienne-du-Rouvray
14%
754 Saint-Gilles
14%
238 Savigny-sur-Orge
14%
203 Wattrelos
14%
736 Argentan
13%
730 Castelsarrasin
13%
395 Cenon
13%
267 Châtenay-Malabry
13%
500 Chaville
13%
343 Décines-Charpieu
13%
678 Flers
13%
405 Fontenay-aux-Roses
13%
742 Fontenay-le-Comte
13%
252 Franconville
13%
429 Frontignan
13%
443 Lanester
13%
320 Le Plessis-Robinson
13%
630 Les Herbiers
13%
393 Les Ulis
13%
999 Limoux
13%
450 Longjumeau
13%
695 Longwy
13%
874 Marly
13%
538 Montceau-les-Mines
13%
371 Montfermeil
13%
461 Montigny-lès-Metz
13%
470 Neuilly-Plaisance
13%
937 Oloron-Sainte-Marie
13%
337 Ris-Orangis
13%
809 Sablé-sur-Sarthe
13%
297 Saint-Médard-en-Jalles
13%
668 Tarascon
13%
321 Thiais
13%
353 Tournefeuille
13%
307 Vandoeuvre-lès-Nancy
13%
309 Villemomble
13%
285 Villenave-d'Ornon
13%
399 Villeneuve-la-Garenne
13%
794 Villetaneuse
13%
292 Viry-Châtillon
13%
488 Voiron
13%
737 Auray
12%
495 Challans
12%
857 Château-Gontier
12%
762 Courcouronnes
12%
591 Firminy
12%
690 Gien
12%
452 Hazebrouck
12%
352 Illkirch-Graffenstaden
12%
935 Le Luc
12%
564 Le Pré-Saint-Gervais
12%
441 Lormont
12%
415 Maisons-Laffitte
12%
436 Mandelieu-la-Napoule
12%
374 Miramas
12%
467 Montmorency
12%
761 Nemours
12%
601 Orsay
12%
376 Orvault
12%
302 Rillieux-la-Pape
12%
425 Roissy-en-Brie
12%
241 Sainte-Geneviève-des-Bois
12%
720 Saint-Julien-en-Genevois
12%
264 Saint-Leu
12%
266 Six-Fours-les-Plages
12%
319 Sotteville-lès-Rouen
12%
448 Tassin-la-Demi-Lune
12%
846 Villefranche-de-Rouergue
12%
338 Villiers-le-Bel
12%
477 Wasquehal
12%
466 Allauch
11%
274 Athis-Mons
11%
551 Bruges
11%
573 Cluses
11%
979 Cosne-Cours-sur-Loire
11%
468 Croix
11%
557 Écully
11%
589 Floirac
11%
562 Garches
11%
508 Gardanne
11%
384 Gradignan
11%
612 Guérande
11%
607 Juvisy-sur-Orge
11%
460 Loos
11%
269 Montigny-le-Bretonneux
11%
454 Olivet
11%
313 Pierrefitte-sur-Seine
11%
676 Pont-à-Mousson
11%
563 Romorantin-Lanthenay
11%
548 Saint-Cyr-l'École
11%
230 | 603 Saint-Joseph
11%
356 Saint-Sébastien-sur-Loire
11%
625 Sallanches
11%
899 Saverne
11%
986 Tournon-sur-Rhône
11%
471 Vélizy-Villacoublay
11%
950 Amnéville
10%
907 Beaumont
10%
326 Bezons
10%
633 Boissy-Saint-Léger
10%
798 Bonneville
10%
555 Bruz
10%
596 Bry-sur-Marne
10%
357 Bussy-Saint-Georges
10%
511 Castelnau-le-Lez
10%
575 Cesson-Sévigné
10%
389 Champs-sur-Marne
10%
501 Denain
10%
472 Fleury-les-Aubrais
10%
412 Grande-Synthe
10%
332 Herblay
10%
433 Hérouville-Saint-Clair
10%
786 | 997 La Trinité
10%
213 Le Lamentin
10%
262 Le Perreux-sur-Marne
10%
804 Moissac
10%
619 Sanary-sur-Mer
10%
303 Savigny-le-Temple
10%
359 Villeparisis
10%
474 Achères
9%
717 Ambérieu-en-Bugey
9%
638 Balma
9%
970 Bernay
9%
590 Bonneuil-sur-Marne
9%
499 Bourg-lès-Valence
9%
841 Canet-en-Roussillon
9%
647 Châteaurenard
9%
523 Chevilly-Larue
9%
669 Crépy-en-Valois
9%
960 Dugny
9%
394 Eaubonne
9%
378 Élancourt
9%
602 Elbeuf
9%
324 Ermont
9%
655 Gaillac
9%
877 Gaillard
9%
479 Gujan-Mestras
9%
336 Guyancourt
9%
653 Hennebont
9%
756 Lamballe
9%
621 Le Pecq
9%
504 Mitry-Mory
9%
476 Mons-en-Baroeul
9%
513 Nogent-sur-Oise
9%
731 Noyon
9%
802 Persan
9%
510 Pertuis
9%
774 Pierrelatte
9%
973 Pornichet
9%
552 Saint-Fons
9%
465 Saint-Genis-Laval
9%
368 Vallauris
9%
542 Vence
9%
423 Vertou
9%
887 Ville-d'Avray
9%
328 Villiers-sur-Marne
9%
746 Woippy
9%
775 Yzeure
9%
964 Arpajon
8%
546 Avion
8%
753 Berre-l'Étang
8%
745 Bollène
8%
507 Cournon-d'Auvergne
8%
444 Deuil-la-Barre
8%
947 Dourdan
8%
317 Draveil
8%
428 Eysines
8%
648 La Baule-Escoublac
8%
525 La Chapelle-sur-Erdre
8%
390 La Garde
8%
459 Lagny-sur-Marne
8%
456 La Madeleine
8%
339 Lambersart
8%
410 Le Bouscat
8%
327 Le Chesnay
8%
416 Les Pavillons-sous-Bois
8%
463 Les Pennes-Mirabeau
8%
635 Le Vésinet
8%
541 Louviers
8%
873 L' Union
8%
534 Montereau-Fault-Yonne
8%
521 Mont-Saint-Aignan
8%
662 Rive-de-Gier
8%
674 Rumilly
8%
639 Saint-Avold
8%
974 Saint-Cyprien
8%
445 Sainte-Foy-lès-Lyon
8%
908 Saint-Junien
8%
397 Saint-Ouen-l'Aumône
8%
348 Sannois
8%
549 Sorgues
8%
951 Tarare
8%
484 Villeneuve-le-Roi
8%
882 Villeneuve-lès-Avignon
8%
643 Viroflay
8%
836 Yvetot
8%
550 Bagnols-sur-Cèze
7%
744 Beausoleil
7%
962 Bourg-de-Péage
7%
595 Brie-Comte-Robert
7%
442 Bruay-la-Buissière
7%
632 Carrières-sous-Poissy
7%
660 Carrières-sur-Seine
7%
598 Cestas
7%
571 Chamalières
7%
852 Chauny
7%
490 Chilly-Mazarin
7%
440 Combs-la-Ville
7%
411 Cormeilles-en-Parisis
7%
700 Francheville
7%
848 Gisors
7%
875 Gravelines
7%
696 Guipavas
7%
645 Hayange
7%
878 Ifs
7%
475 La Celle-Saint-Cloud
7%
275 La Possession
7%
706 Laxou
7%
570 Le Pontet
7%
545 Lingolsheim
7%
827 L' Isle-Adam
7%
613 L' Isle-d'Abeau
7%
512 L' Isle-sur-la-Sorgue
7%
722 Lognes
7%
996 Louvres
7%
536 Maurepas
7%
579 Meylan
7%
942 Obernai
7%
991 Pont-Saint-Esprit
7%
694 Romilly-sur-Seine
7%
600 Saint-Amand-les-Eaux
7%
913 Saint-Avé
7%
634 Saint-Cyr-sur-Loire
7%
503 Sainte-Rose
7%
732 Saint-François
7%
478 Saint-Gratien
7%
803 Saint-Jacques-de-la-Lande
7%
493 Saint-Michel-sur-Orge
7%
365 Taverny
7%
715 Trélazé
7%
294 Vigneux-sur-Seine
7%
710 Villeneuve-Loubet
7%
728 Avon
6%
288 Baie-Mahault
6%
930 Betton
6%
654 Blanquefort
6%
765 Bois-Guillaume
6%
364 Brunoy
6%
667 Châteauneuf-les-Martigues
6%
724 Chenôve
6%
464 Coudekerque-Branche
6%
487 Couëron
6%
569 Cugnaux
6%
451 Dammarie-les-Lys
6%
888 Enghien-les-Bains
6%
843 Florange
6%
896 Guebwiller
6%
527 Hem
6%
578 La Crau
6%
845 La Queue-en-Brie
6%
417 La Valette-du-Var
6%
347 Le Gosier
6%
497 Le Plessis-Trévise
6%
422 Le Robert
6%
375 Limeil-Brévannes
6%
604 Marly-le-Roi
6%
581 Mauguio
6%
684 Méru
6%
409 Montgeron
6%
778 Morangis
6%
540 Mougins
6%
646 Noisiel
6%
759 Ollioules
6%
729 Outreau
6%
494 Ozoir-la-Ferrière
6%
927 Panazol
6%
994 Pierre-Bénite
6%
558 Plaisance-du-Touch
6%
559 Ploemeur
6%
757 Plougastel-Daoulas
6%
586 Port-de-Bouc
6%
671 Saint-Avertin
6%
835 Saint-Cyr-sur-Mer
6%
642 Saint-Égrève
6%
424 Sainte-Suzanne
6%
606 Saint-Jean-de-la-Ruelle
6%
626 Saint-Maximin-la-Sainte-Baume
6%
777 Saint-Paul-lès-Dax
6%
614 Saran
6%
944 Septèmes-les-Vallons
6%
738 Tergnier
6%
763 Val-de-Reuil
6%
698 Valenton
6%
533 Villefontaine
6%
565 Vire Normandie
6%
624 Yutz
6%
912 Allonnes
5%
713 Arnouville
5%
718 Audincourt
5%
750 Avrillé
5%
703 Bailleul
5%
582 Bischheim
5%
701 Bouc-Bel-Air
5%
808 Bully-les-Mines
5%
587 Carvin
5%
547 Chennevières-sur-Marne
5%
782 Cusset
5%
923 Erstein
5%
905 Étaples
5%
820 Fourmies
5%
486 Halluin
5%
811 La Chapelle-Saint-Luc
5%
858 La Motte-Servolex
5%
977 La Riche
5%
945 Lavaur
5%
483 Le Mée-sur-Seine
5%
810 Les Ponts-de-Cé
5%
766 Lieusaint
5%
622 Lucé
5%
943 Marck
5%
664 Montesson
5%
481 Montigny-lès-Cormeilles
5%
628 Montivilliers
5%
462 Morsang-sur-Orge
5%
677 Olonne-sur-Mer
5%
842 Onet-le-Château
5%
883 Pacé
5%
1000 Portes-lès-Valence
5%
734 Ramonville-Saint-Agne
5%
531 Ronchin
5%
740 Roncq
5%
792 Roquebrune-Cap-Martin
5%
767 Roquebrune-sur-Argens
5%
752 Saint-Brevin-les-Pins
5%
663 Sainte-Luce-sur-Loire
5%
902 Saint-Hilaire-de-Riez
5%
496 Saint-Jean-de-Braye
5%
672 Saint-Just-Saint-Rambert
5%
739 Saint-Martin-de-Crau
5%
502 Schoelcher
5%
796 Seclin
5%
568 Segré-en-Anjou Bleu
5%
377 Sèvremoine
5%
924 Trets
5%
925 Villers-Cotterêts
5%
693 Villers-lès-Nancy
5%
879 Aubergenville
4%
880 Auriol
4%
826 Barentin
4%
426 Beaupréau-en-Mauges
4%
855 Bellegarde-sur-Valserine
4%
805 Bischwiller
4%
707 Bois-d'Arcy
4%
537 Bouguenais
4%
894 Brignais
4%
679 Canteleu
4%
840 Carros
4%
783 Castanet-Tolosan
4%
673 Caudry
4%
872 Cernay
4%
910 Chambray-lès-Tours
4%
967 Chantepie
4%
458 Chemillé-en-Anjou
4%
829 Claye-Souilly
4%
764 Creutzwald
4%
658 Domont
4%
919 Épinay-sur-Orge
4%
597 Éragny
4%
577 Faches-Thumesnil
4%
735 Fameck
4%
758 Fontenay-le-Fleury
4%
787 Genas
4%
812 Graulhet
4%
685 Hautmont
4%
686 Illzach
4%
620 Lamentin
4%
572 Le François
4%
941 Le Haillan
4%
936 Le Pont-de-Claix
4%
705 L' Étang-Salé
4%
904 Maizières-lès-Metz
4%
277 Matoury
4%
881 Mèze
4%
781 Mions
4%
760 Montataire
4%
793 Monteux
4%
583 Osny
4%
822 Ostwald
4%
965 Plan-de-Cuques
4%
721 Plérin
4%
954 Pontchâteau
4%
723 Rixheim
4%
847 Rognac
4%
681 Saint-Brice-sous-Forêt
4%
987 Sainte-Savine
4%
862 Saint-Estève
4%
871 Saint-Orens-de-Gameville
4%
886 Talant
4%
768 Valbonne
4%
657 Verneuil-sur-Seine
4%
806 Vernouillet
4%
966 Villebon-sur-Yvette
4%
891 Voisins-le-Bretonneux
4%
708 Wattignies
4%
691 Wittenheim
4%
791 Amilly
3%
864 Andernos-les-Bains
3%
748 Anzin
3%
956 Auchel
3%
993 Biganos
3%
771 Billère
3%
866 Bolbec
3%
733 Château-d'Olonne
3%
876 Chevigny-Saint-Sauveur
3%
914 Corbas
3%
946 Courrières
3%
921 Craponne
3%
984 Déville-lès-Rouen
3%
920 Doué-en-Anjou
3%
799 Épinay-sous-Sénart
3%
992 Eybens
3%
776 Freyming-Merlebach
3%
931 Guilherand-Granges
3%
682 Haubourdin
3%
901 Hoenheim
3%
952 Juvignac
3%
770 Kingersheim
3%
868 La Roche-sur-Foron
3%
795 Le Chambon-Feugerolles
3%
438 Le Moule
3%
998 Le Pradet
3%
885 Le Relecq-Kerhuon
3%
909 Les Avirons
3%
897 Lézignan-Corbières
3%
903 Mainvilliers
3%
850 Maripasoula
3%
916 Maromme
3%
544 Mauges-sur-Loire
3%
725 Mennecy
3%
567 Moissy-Cramayel
3%
953 Montlouis-sur-Loire
3%
755 Montmagny
3%
831 Noeux-les-Mines
3%
892 Oissel
3%
616 Orée d'Anjou
3%
402 Petit-Bourg
3%
833 Petite-Île
3%
807 Plouzané
3%
929 Pont-du-Château
3%
800 Pont-Sainte-Maxence
3%
404 Remire-Montjoly
3%
832 Riedisheim
3%
815 Rivière-Salée
3%
938 Saint-André-de-Cubzac
3%
821 Saint-André-lez-Lille
3%
934 Saint-Genis-Pouilly
3%
656 Saint-Leu-la-Forêt
3%
906 Saint-Saulve
3%
867 Sassenage
3%
823 Seyssinet-Pariset
3%
649 Sin-le-Noble
3%
554 Soisy-sous-Montmorency
3%
825 Stiring-Wendel
3%
817 Tarnos
3%
844 Triel-sur-Seine
3%
749 Vaires-sur-Marne
3%
884 Vauvert
3%
915 Vaux-le-Pénil
3%
650 Verrières-le-Buisson
3%
980 Wittelsheim
3%
636 Ambarès-et-Lagrave
2%
816 Andrésy
2%
983 Aniche
2%
849 Baugé-en-Anjou
2%
529 Capesterre-Belle-Eau
2%
957 Caudebec-lès-Elbeuf
2%
785 Châlette-sur-Loing
2%
978 Chanteloup-les-Vignes
2%
818 Cogolin
2%
814 Comines
2%
933 Cuers
2%
939 Douchy-les-Mines
2%
963 Fondettes
2%
971 Gerzat
2%
889 Guidel
2%
801 Harnes
2%
631 Jouy-le-Moutier
2%
566 Les Clayes-sous-Bois
2%
608 Limay
2%
911 Longuenesse
2%
747 Lys-lez-Lannoy
2%
995 Mana
2%
629 Montrevault-sur-Èvre
2%
576 Morne-à-l'Eau
2%
772 Mouvaux
2%
969 Neuville-en-Ferrain
2%
895 Ploufragan
2%
797 Raismes
2%
948 Riorges
2%
834 Rivière-Pilote
2%
830 Saint-André-les-Vergers
2%
714 Saint-Fargeau-Ponthierry
2%
990 Saint-Germain-lès-Arpajon
2%
988 Saint-Laurent-de-la-Salanque
2%
898 Saint-Martin-Boulogne
2%
790 Somain
2%
618 Vauréal
2%
976 Annoeullin
1%
959 Boulazac Isle Manoire
1%
788 Bras-Panon
1%
940 Brissac Loire Aubance
1%
869 Bruay-sur-l'Escaut
1%
561 Ducos
1%
859 Fonsorbes
1%
644 Loire-Authion
1%
860 Macouria
1%
972 Marquette-lez-Lille
1%
861 Méricourt
1%
985 Montévrain
1%
975 Montigny-en-Gohelle
1%
961 Saint-Pierre-du-Perray
1%
926 Solliès-Pont
1%
900 Vedène
1%
890 Vidauban
1%
813 Moret-Loing-et-Orvanne
0%
Aucun quiz correspondant
Distribution des résultats
% des personnes avec chaque résultat
Percentile par nombre de réponses
Votre historique - résultats
Vous n’avez pas pris ce quiz